000 01174nam a22003257a 4500
001 BR8100857
003 BR-BrBNA
005 20230928090922.0
007 ta
008 230509b bl.||||| |||| 00| 0 por d
040 _aBR-BrBNA
_bpor
_cBiblioteca Nacional de Agricultura
041 _a(Por)
072 _aE15; F00; U10
_b0180
_b0336
090 _ 0180 BR8100857
100 1 _aPorto, V.H. da F.
110 1 _aEscola Superior de Agricultura Luiz de Queiroz, Piracicaba, SP (Brasil)
_0Tese (Mestre em Economia Agraria)
245 1 _aAnalise econometrica de dados experimentais sobre um sistema de producao trigo-soja, para a cultura de trigo [Triticum aestivum; Glycine max]
246 1 _a[Econometric analysis of experimental data on a wheat-soy production system, for wheat cropping [Triticum aestivum; Glycine max]]
260 3 _aPiracicaba, SP (Brasil):
_c1980.
300 _a123 p.
500 _a36 tables; 31 ref.; Summaries (Eng, Por)
650 _aMicroeconomia
650 _aProducao vegetal
650 _aMatematica
650 _aTrigo
650 _aSoja
650 _aEconomia agricola
909 _a202309
_bLucia
_c55
_dLucia Elande
942 _cBK
999 _c31266
_d31266